Cuerpo y palabra o los paisajes de la cautividad /

Збережено в:
Бібліографічні деталі
Автор: Bru, Josepa
Формат: Текст
Теги: Додати тег
Немає тегів, Будьте першим, хто поставить тег для цього запису!

MARC

LEADER 00000 a a2200000 04500
001 45850
003
040
100 |a Bru, Josepa  
245 |a Cuerpo y palabra o los paisajes de la cautividad /  |c Josepa Bru  
773 |g páginas 63-81  
999 |c 32692  |d 32692